000 00401nam a2200121Ia 4500
008 220620s9999||||xx |||||||||||||| ||und||
100 _aWesterink, Herman
245 2 _aA Dark Trace
_bSigmund Freud on the Sense of Guilt
546 _aEnglish[eng]
650 _aFreud; psychoanalysis; sense of guilt
856 _uhttps://library.oapen.org/bitstream/20.500.12657/49617/1/9789461664174.pdf
942 _cEB
999 _c30510
_d30510